[Event "Stuttgart-chB int"]
[Site "Ditzingen"]
[Date "2009.05.24"]
[Round "7"]
[White "Reiss, Michael1111"]
[Black "Wolff, Cascal"]
[Result "1-0"]
[WhiteElo "1358"]
[BlackElo "1802"]
[PlyCount "91"]
[EventDate "2009.05.21"]
[EventType "swiss"]
[EventRounds "7"]
[EventCountry "GER"]
[SourceTitle "EXT 2018"]
[Source "ChessBase"]
[SourceDate "2017.10.13"]
[SourceVersion "1"]
[SourceVersionDate "2017.10.13"]
[SourceQuality "1"]

1. e4 c5 2. Nf3 Nc6 3. d4 cxd4 4. Nxd4 d6 5. Nc3 g6 6. Be3 Bg7 7. Bb5 Bd7 8. Qd2 Nxd4 9. Bxd7+ Qxd7 10. Bxd4 Nf6 11. 0-0-0 0-0 12. h3 Qd8 13. Kb1 Re8 14. g4 b6 15. Be3 Nd7 16. Bh6 Nc5 17. Bxg7 Kxg7 18. h4 Rh8 19. Rdg1 f6 20. f4 e5 21. f5 a6 22. g5 b5 23. gxf6+ Qxf6 24. fxg6 hxg6 25. Rf1 Qe6 26. Qg5 Raf8 27. Rxf8 Rxf8 28. h5 Rh8 29. b4 Nd7 30. Nd5 Nf6 31. Qxg6+ Kf8 32. Qxf6+ Qxf6 33. Nxf6 Kf7 34. Nd5 Ke6 35. h6 Kf7 36. h7 Kg7 37. Nc7 Rxh7 38. Rxh7+ Kxh7 39. Nxa6 Kg6 40. Nc7 Kg5 41. Nxb5 Kf4 42. Nxd6 Ke3 43. b5 Kd4 44. b6 Kc5 45. b7 Kxd6 46. b8Q+ 1-0

[Event "Stuttgart-chB int"]
[Site "Ditzingen"]
[Date "2009.05.21"]
[Round "1"]
[White "Witt, Holger"]
[Black "Wolff, Cascal"]
[Result "1/2-1/2"]
[WhiteElo "1555"]
[BlackElo "1802"]
[PlyCount "57"]
[EventDate "2009.05.21"]
[EventType "swiss"]
[EventRounds "7"]
[EventCountry "GER"]
[SourceTitle "EXT 2018"]
[Source "ChessBase"]
[SourceDate "2017.10.13"]
[SourceVersion "1"]
[SourceVersionDate "2017.10.13"]
[SourceQuality "1"]

1. c4 c5 2. Nc3 Nc6 3. g3 d6 4. Bg2 g6 5. Nf3 Bg7 6. 0-0 Bg4 7. d3 Bxf3 8. Bxf3 e6 9. a3 Nge7 10. Bg5 Qd7 11. Qd2 Nd4 12. Qc2 Nxf3+ 13. exf3 Nc6 14. Be3 Nd4 15. Bxd4 Bxd4 16. Ne2 Bg7 17. Rad1 0-0 18. d4 b6 19. d5 exd5 20. Rxd5 Rad8 21. Rfd1 Qc7 22. Nc3 a6 23. Qa4 Bxc3 24. bxc3 a5 25. Rb1 Rb8 26. Qd1 Rfd8 27. Rb2 Rd7 28. Rbd2 Rbd8 29. Qa4 1/2-1/2

[Event "Stuttgart-chA int"]
[Site "Ditzingen"]
[Date "2008.05.04"]
[Round "7"]
[White "Wolff, Cascal"]
[Black "Felser, Martin"]
[Result "0-1"]
[WhiteElo "1832"]
[BlackElo "1963"]
[PlyCount "92"]
[EventDate "2008.05.01"]
[EventType "swiss"]
[EventRounds "7"]
[EventCountry "GER"]
[SourceTitle "EXT 2018"]
[Source "ChessBase"]
[SourceDate "2017.10.13"]
[SourceVersion "1"]
[SourceVersionDate "2017.10.13"]
[SourceQuality "1"]

1. d4 d5 2. c4 e6 3. Nc3 Nf6 4. Nf3 Be7 5. Bg5 h6 6. Bh4 Nbd7 7. e3 c6 8. Qc2 0-0 9. cxd5 exd5 10. Bd3 Re8 11. 0-0 Qc7 12. Bg3 Qd8 13. h3 a6 14. Rac1 Bb4 15. a3 Bxc3 16. bxc3 b5 17. Rb1 Qe7 18. a4 Ne4 19. Bxe4 Qxe4 20. Qxe4 Rxe4 21. Nd2 Re6 22. Ra1 Nf6 23. Rfb1 Bd7 24. Kf1 Ne4 25. Nxe4 Rxe4 26. Bd6 f5 27. g3 g5 28. Kg2 Kf7 29. a5 h5 30. Re1 Re6 31. Be5 Ree8 32. f4 gxf4 33. exf4 Re6 34. Rg1 Rg8 35. Kf2 Reg6 36. Rg2 Rc8 37. h4 c5 38. Rb1 cxd4 39. Bxd4 Rc4 40. Rb4 Rgc6 41. Kg1 Rxb4 42. cxb4 Rc1+ 43. Kf2 Rc4 44. Bc5 d4 45. Rg1 Rc2+ 46. Kf3 Bc6# 0-1

[Event "Stuttgart-chA int"]
[Site "Ditzingen"]
[Date "2008.05.01"]
[Round "1"]
[White "Reck, Moritz"]
[Black "Wolff, Cascal"]
[Result "1-0"]
[WhiteElo "2094"]
[BlackElo "1832"]
[PlyCount "75"]
[EventDate "2008.05.01"]
[EventType "swiss"]
[EventRounds "7"]
[EventCountry "GER"]
[SourceTitle "EXT 2018"]
[Source "ChessBase"]
[SourceDate "2017.10.13"]
[SourceVersion "1"]
[SourceVersionDate "2017.10.13"]
[SourceQuality "1"]

1. d4 d5 2. c4 e6 3. Nc3 Nf6 4. Bg5 Be7 5. e3 0-0 6. Nf3 Nbd7 7. Bd3 dxc4 8. Bxc4 Re8 9. 0-0 Nf8 10. Qb3 c6 11. a4 Nd5 12. Bxe7 Nxe7 13. e4 Kh8 14. Ng5 Kg8 15. Rad1 Nfg6 16. d5 Nxd5 17. Nxf7 Kxf7 18. exd5 exd5 19. Nxd5 Kf8 20. Qf3+ Kg8 21. Ne7+ Kh8 22. Rxd8 Rxd8 23. Nxg6+ hxg6 24. Bd3 Bf5 25. Bxf5 gxf5 26. Qxf5 Rf8 27. Qd7 Rab8 28. g4 b5 29. g5 bxa4 30. g6 Rf6 31. Qh3+ Kg8 32. Qh7+ Kf8 33. Qh8+ Ke7 34. Qxg7+ Ke6 35. f4 Kf5 36. Kh1 Rxb2 37. Qh7 Rxg6 38. Rg1 1-0

[Event "Stuttgart-chB int"]
[Site "Gerlingen"]
[Date "2007.05.17"]
[Round "1"]
[White "Wolff, Cascal"]
[Black "Mueller, Johannes"]
[Result "1/2-1/2"]
[WhiteElo "1157"]
[BlackElo "1612"]
[PlyCount "95"]
[EventDate "2007.05.17"]
[EventType "swiss"]
[EventRounds "7"]
[EventCountry "GER"]
[SourceTitle "EXT 2018"]
[Source "ChessBase"]
[SourceDate "2017.10.13"]
[SourceVersion "1"]
[SourceVersionDate "2017.10.13"]
[SourceQuality "1"]

1. f4 Nf6 2. Nf3 Nc6 3. e3 d5 4. b3 Bf5 5. Bb2 Nb4 6. d3 e6 7. Be2 Bc5 8. Nd4 0-0 9. Qd2 Re8 10. 0-0 Bg4 11. Bf3 e5 12. fxe5 Rxe5 13. Qe2 Bxf3 14. Rxf3 Bxd4 15. Bxd4 Re6 16. a3 Nc6 17. Bb2 Qd6 18. Nd2 Rae8 19. Re1 d4 20. e4 Ne5 21. Rff1 b5 22. h3 c5 23. Qf2 Nfd7 24. Nf3 Rf6 25. Qe2 Nxf3+ 26. Rxf3 Rxf3 27. Qxf3 Ne5 28. Qe2 a5 29. Rd1 b4 30. a4 Ng6 31. Qf2 Qe5 32. Rf1 f6 33. Qf5 Qxf5 34. Rxf5 Ne5 35. Bc1 Kf7 36. Bd2 Ke6 37. Be1 g6 38. Rf1 Rf8 39. Bg3 Rf7 40. Bxe5 fxe5 41. Rxf7 Kxf7 42. Kf2 Kf6 43. h4 h5 44. g3 g5 45. Kf3 Kg6 46. Kf2 Kf6 47. Kg2 Ke6 48. Kf2 1/2-1/2